| 000 | 01184nam a2200289 i 4500 | ||
|---|---|---|---|
| 003 | EG-ScBUE | ||
| 005 | 20231114122050.0 | ||
| 008 | 100629s1969 u f b 000 0dara d | ||
| 017 | _a1969 / 3030 | ||
| 040 |
_aEG-ScBUE _bara _erda _cEG-ScBUE _dEG-ScBUE |
||
| 082 | 0 | 4 |
_222 _bط ب ا _a892.709 |
| 100 | 1 |
_915420 _aطبانة، بدوي، _d1914-2000، _eمؤلف. |
|
| 245 | 1 | 0 |
_aقدامة بن جعفر والنقد الأدبي / _cتأليف الدكتور بدوي طبانة. |
| 250 |
_aالطبعة الثالثة، _bمزيدة منقحة. |
||
| 264 | 1 |
_aالقاهرة : _bمكتبة الأنجلو المصرية، _c1969. |
|
| 300 |
_a356 صفحة ؛ _c24 سم |
||
| 336 |
_2rdacontent _aنص _btxt |
||
| 337 |
_aبدون وسيط _2rdamedia _bn |
||
| 338 |
_aمجلد _bnc _2rdacarrier |
||
| 504 | _aيشتمل علي إرجاعات ببليوجرافية. | ||
| 541 |
_aألف باء ؛ _cشراء ؛ |
||
| 600 | 1 | 7 |
_2BUEsh _aقدامة بن جعفر، _dت. 337 هـ. |
| 650 | 7 |
_aالأدب العربي _xتاريخ ونقد. _2BUEsh |
|
| 650 | 7 |
_aالشعر العربي _xتاريخ ونقد. _2BUEsh |
|
| 655 | _vReading book | ||
| 942 |
_2ddc _cBB |
||
| 999 |
_c14277 _d14277 |
||